El trabajo infantil en la Argentina (Registro nro. 3853)

Detalles MARC
000 -LEADER
fixed length control field 01408 a2200409 4500
001 - CONTROL NUMBER
control field 44914
005 - DATE AND TIME OF LATEST TRANSACTION
control field 20260407155724.0
008 - FIXED-LENGTH DATA ELEMENTS--GENERAL INFORMATION
fixed length control field 260407a2007 arg spa d
003 - CONTROL NUMBER IDENTIFIER
control field AR-UNSa-BCEJYS
040 ## - CATALOGING SOURCE
Original cataloging agency AR-UNSa-BCEJYS
Language of cataloging spa
Transcribing agency AR-UNSa-BCEJYS
080 ## - UNIVERSAL DECIMAL CLASSIFICATION NUMBER
Universal Decimal Classification number 331-053.2
Common auxiliary subdivision Trabajo Infantil
020 ## - INTERNATIONAL STANDARD BOOK NUMBER
International Standard Book Number 978-92-2-319849-7
041 ## - LANGUAGE CODE
Language code of text/sound track or separate title spa
100 1# - MAIN ENTRY--PERSONAL NAME
Personal name Campos, Martín
245 10 - TITLE STATEMENT
Title El trabajo infantil en la Argentina
Name of part/section of a work análisis y desafíos para la política pública
264 #1 - PRODUCTION, PUBLICATION, DISTRIBUTION, MANUFACTURE, AND COPYRIGHT NOTICE
Place of production, publication, distribution, manufacture Buenos Aires :
Name of producer, publisher, distributor, manufacturer Miño y Dávila
Date of production, publication, distribution, manufacture, or copyright notice 2007
300 ## - PHYSICAL DESCRIPTION
Extent 360 p.
Dimensions 22 cm.
505 ## - FORMATTED CONTENTS NOTE
Formatted contents note 1. La perspectiva institucional - 2. Estudios sobre la encuesta de trabajo infantil.
590 ## - LOCAL NOTE (RLIN)
Local note niveau_biblio:m niveau_hierar:0
700 1# - ADDED ENTRY--PERSONAL NAME
Personal name Aparicio, Susana
700 1# - ADDED ENTRY--PERSONAL NAME
Personal name Cardarelli, Graciela
700 1# - ADDED ENTRY--PERSONAL NAME
Personal name Chiara, Magdalena
700 1# - ADDED ENTRY--PERSONAL NAME
Personal name Di Virgilio, María Mercedes
700 1# - ADDED ENTRY--PERSONAL NAME
Personal name Dorrego, Gabriela
700 1# - ADDED ENTRY--PERSONAL NAME
Personal name Duro, Elena
700 1# - ADDED ENTRY--PERSONAL NAME
Personal name Estruch, Dolores
700 1# - ADDED ENTRY--PERSONAL NAME
Personal name López, Leandro
700 1# - ADDED ENTRY--PERSONAL NAME
Personal name Nirenberg, Olga
700 1# - ADDED ENTRY--PERSONAL NAME
Personal name Novick, Marta
700 1# - ADDED ENTRY--PERSONAL NAME
Personal name Maceira, Verónica
700 1# - ADDED ENTRY--PERSONAL NAME
Personal name Ponce, Gustavo
700 1# - ADDED ENTRY--PERSONAL NAME
Personal name Waisgrais, Sebastián
700 1# - ADDED ENTRY--PERSONAL NAME
Personal name Organización Internacional del Trabajo (OIT)
700 1# - ADDED ENTRY--PERSONAL NAME
Personal name Argentina. Ministerio de Trabajo, Empleo y Seguridad Social
856 41 - ELECTRONIC LOCATION AND ACCESS
Uniform Resource Identifier <a href="https://www.biblioeco.unsa.edu.ar/pmb/images/libros/L127037.jpg">https://www.biblioeco.unsa.edu.ar/pmb/images/libros/L127037.jpg</a>
Link text Imagen de portada
Electronic format type image/jpeg
942 ## - ADDED ENTRY ELEMENTS (KOHA)
Koha item type
Existencias
Withdrawn status Lost status Damaged status Not for loan Home library Current library Shelving location Date acquired Total checkouts Full call number Barcode Date last seen Price effective from Koha item type
        Biblioteca Prof. Eusebio Cleto del Rey Biblioteca Prof. Eusebio Cleto del Rey   07/04/2026   331-053.2 T758 L127037 07/04/2026 07/04/2026 Libro